| 000 | 00649nam a2200181Ia 4500 | ||
|---|---|---|---|
| 008 | 151018s9999 xx 000 0 und d | ||
| 082 |
_bRBASDV49178 _a891.433 |
||
| 100 | _aशंकर शेष | ||
| 245 | _aधर्मक्षेत्र :कुरुक्षेत्र | ||
| 250 | _b1 | ||
| 260 |
_bजगतराम अंड सन्स _c2009 |
||
| 300 | _a91 | ||
| 600 | _aशंकर शेष | ||
| 630 | _aधर्मक्षेत्र :कुरुक्षेत्र | ||
| 700 | _aशंकर शेष | ||
| 730 | _aधर्मक्षेत्र :कुरुक्षेत्र | ||
| 942 | _cBOOK | ||
| 999 |
_c1048301 _d1048298 |
||